00709nam a2200241 a 4500001001300000003000900013005001700022008004100039020002300080082001300103100002000116245003800136260002500174300000900199500003500208505003300243650002700276700002000303902000800323942000700331952011400338999001500452nice12345678IN_TiNIC20260116012242.0050524s1980 lona grp 000 0 eng  a0281310 c51000a248bNOF aNoffke, Suzanne aCatherine of Sienab the Dialogue aLondon bSPCK c1980 a398p aincludes index and biblioraphy2 aSelected Bibliography, Index aSpirituality-Christian1 aNoffke, Suzanne bSRS cBK 001040708StackRoom-aHMIbHMId2007-07-06g510.00l0o248 NOFp011102r2007-07-06v510.00w2005-05-24yBK c6247d6247